Players with 80+ Passing in Fifa 22 - Statistics

General Stats
  • This quiz has been taken 84 times
  • The average score is 73 of 166
Answer Stats
Passing Club Nation Player % Correct
91 Real Madrid Germany Toni Kroos
100%
93 Manchester City Belgium Kevin De Bruyne
98%
91 PSG Argentina Lionel Messi
98%
89 Manchester United Portugal Bruno Fernandes
97%
89 Real Madrid Croatia Luka Modric
97%
87 PSG Italy Marco Verratti
94%
83 Manchester City Portugal Bernardo Silva
91%
88 Inter Milan Denmark Christian Eriksen
91%
87 Real Sociedad Spain David Silva
91%
88 Liverpool England Trent Alexander-Arnold
91%
86 PSG Argentina Angel Di Maria
88%
87 Chelsea Morocco Hakim Ziyech
88%
86 Manchester United France Paul Pogba
88%
85 FC Barcelona Netherlands Frenkie De Jong
83%
86 Chelsea Italy Jorginho
83%
86 PSG Brazil Neymar
83%
86 Liverpool Spain Thiago Alcantara
83%
82 Manchester United Portugal Cristiano Ronaldo
80%
86 Bayern Munich Germany Joshua Kimmich
80%
83 Bayern Munich Germany Thomas Muller
80%
85 Vissel Kobe Spain Andres Iniesta
77%
84 Atletico Madrid France Antoine Griezmann
77%
85 Ajax Serbia Dusan Tadic
75%
85 Sevilla FC Croatia Ivan Rakitic
75%
86 Everton Colombia James Rodriguez
75%
86 Piemonte Calcio Argentina Paulo Dybala
75%
85 Wolves Portugal Ruben Neves
75%
90 Villarreal CF Spain Daniel Parejo
73%
85 Manchester City Germany Ilkay Gundogan
73%
83 Liverpool England Jordan Henderson
73%
86 Leicester City Belgium Youri Tielemans
73%
84 Leicester City England James Maddison
72%
85 Atletico Madrid Spain Koke
72%
84 Borussia Dortmund Germany Marco Reus
70%
85 Fenerbahce Germany Mesut Ozil
70%
84 Chelsea England Mason Mount
69%
83 Arsenal Norway Martin Odegaard
67%
83 Chelsea Croatia Mateo Kovacic
67%
82 Real Madrid Belgium Eden Hazard
66%
82 Tottenham Hotspur South Korea Heung-Min Son
66%
83 Manchester City Portugal Joao Cancelo
66%
82 Real Betis France Nabil Fekir
66%
80 Borussia Dortmund Belgium Thorgan Hazard
66%
83 Tottenham Hotspur England Harry Kane
64%
84 Wolves Portugal Joao Moutinho
64%
87 Latium Spain Luis Alberto
64%
86 Southampton England James Ward-Prowse
63%
82 Bayern Munich Germany Leon Goretzka
63%
85 Napoli Italy Lorenzo Insigne
63%
81 Liverpool Egypt Mohamed Salah
61%
80 Manchester City England Phil Foden
61%
82 Atletico Madrid Uruguay Luis Suarez
59%
81 RC Celta Spain Denis Suarez
58%
82 Real Madrid Wales Gareth Bale
58%
85 Borussia Dortmund Portugal Raphael Guerreiro
58%
83 Manchester City England Jack Grealish
56%
82 FC Barcelona Netherlands Memphis Depay
56%
82 Arsenal Ghana Thomas Partey
56%
84 Inter Milan Turkey Hakan Calhanoglu
55%
83 Besiktas Bosnia-Herzegovina Miralem Pjanic
55%
80 Liverpool Senegal Sadio Mane
55%
83 PSG Argentina Leandro Paredes
53%
84 Piemonte Calcio Brazil Arthur
52%
81 Manchester City Algeria Riyad Mahrez
50%
82 Atletico Madrid France Thomas Lemar
48%
80 Liverpool Scotland Andrew Robertson
47%
80 Real Madrid Spain Isco
47%
84 Bergamo Calcio Slovenia Josip Ilicic
47%
81 Real Madrid Austria David Alaba
45%
80 Latium Serbia Sergej Milinkovic-Savic
45%
81 RB Leipzig Spain Dani Olmo
44%
82 Tottenham Hotspur Argentina Giovani Lo Celso
44%
81 Real Madrid France Karim Benzema
44%
82 Atletico Madrid England Kieran Trippier
44%
80 PSG France Kylian Mbappe
44%
81 Real Madrid Spain Marco Asensio
44%
81 Liverpool England James Milner
42%
82 RB Leipzig Sweden Emil Forsberg
41%
82 Everton Iceland Gylfi Sigurdsson
41%
81 Atletico Madrid Spain Marcos Llorente
41%
81 Real Sociedad Spain Mikel Oyarzabal
41%
81 Piemonte Calcio Wales Aaron Ramsey
39%
84 Al-Shabab Argentina Ever Banega
39%
82 Manchester United England Jadon Sancho
39%
81 Bayern Munich Austria Marcel Sabitzer
39%
82 Shanghai SIPG Brazil Oscar
39%
83 Olympique Marseille France Dimitri Payet
38%
81 Manchester United Spain Juan Mata
38%
83 PSV Eindhoven Germany Mario Gotze
38%
81 RB Leipzig France Christopher Nkunku
36%
82 Eintracht Frankfurt Serbia Filip Kostic
36%
80 Inter Milan Croatia Marcelo Brozovic
36%
81 Napoli Poland Piotr Zielinski
36%
80 Atletico Madrid Argentina Rodrigo De Paul
36%
85 Real Betis Spain Sergio Canales
36%
81 Borussia Dortmund Belgium Axel Witsel
34%
81 Tottenham Hotspur France Tanguy Ndombele
34%
82 Valencia CF Spain Carlos Soler
33%
81 AS Monaco Spain Cesc Fabregas
33%
80 PSG Netherlands Georginio Wijnaldum
33%
81 Real Sociedad Spain Mikel Merino
33%
81 FC Barcelona Spain Jordi Alba
31%
81 RB Leipzig Slovenia Kevin Kampl
31%
82 Sevilla FC Argentina Marcos Acuna
31%
81 Al-Nassr Brazil Anderson Talisca
30%
82 RB Leipzig Spain Angelino
30%
82 Athletic Bilbao Spain Iker Muniain
30%
81 Roma FC Italy Lorenzo Pellegrini
30%
81 Trabzonspor Slovakia Marek Hamsik
30%
81 Orlando City Portugal Nani
30%
83 Bergamo Calcio Ukraine Ruslan Malinovskyi
30%
81 Sassuolo Italy Domenico Berardi
28%
80 PSG Germany Julian Draxler
28%
80 Manchester City Ukraine Oleksandr Zinchenko
28%
82 Manchester United Brazil Alex Telles
25%
81 Olympique Lyon France Houssem Aouar
25%
80 Borussia Dortmund Germany Julian Brandt
25%
80 Brighton & Hove Albion Germany Pascal Gross
25%
80 FC Barcelona Brazil Philippe Coutinho
25%
80 Real Sociedad Belgium Adnan Januzaj
23%
84 Real Betis Spain Joaquin
23%
80 Real Madrid Brazil Marcelo
23%
81 SL Benfica Spain Alejandro Grimaldo
22%
80 Bayer Leverkusen Chile Charles Aranguiz
22%
82 Ajax Netherlands Daley Blind
22%
80 Valencia CF Denmark Daniel Wass
22%
83 Montpellier HSC France Teji Savanier
20%
80 Olympique Lyon Switzerland Xherdan Shaqiri
20%
80 AC Milan Algeria Ismael Bennacer
19%
80 Roma FC France Jordan Veretout
19%
81 Borussia Monchengladbach Germany Lars Stindl
19%
80 Everton France Lucas Digne
19%
81 Union Berlin Germany Max Kruse
19%
83 Hellas Verona Portugal Miguel Veloso
19%
81 SL Benfica Portugal Pizzi
19%
80 Aston Villa Argentina Emiliano Buendia
17%
82 Ajax Netherlands Steven Berghuis
17%
81 Sevilla FC Spain Jesus Navas
16%
80 Borussia Monchengladbach Germany Jonas Hofmann
16%
83 Levante UD Spain Jose Campana
16%
83 Inter Milan Italy Stefano Sensi
16%
82 Sevilla FC Spain Suso
16%
80 Real Betis Mexico Andres Guardado
14%
83 Seattle Sounders Uruguay Nicolas Lodeiro
14%
81 Athletic Bilbao Spain Raul Garcia
14%
80 FC Barcelona Spain Sergi Roberto
14%
81 Sporting CP Spain Pablo Sarabia
13%
80 Burnley England Ashley Westwood
11%
80 PSG Brazil Rafinha
11%
80 Piemonte Calcio Italy Federico Bernardeschi
9%
81 Sevilla FC Spain Joan Jordan
9%
80 SL Benfica Portugal Joao Mario
9%
80 UD Las Palmas Spain Jonathan Viera
9%
82 Fenerbahce Argentina Jose Sosa
9%
81 Shenzhen FC Colombia Juan Quintero
9%
81 Besiktas Algeria Rachid Ghezzal
9%
80 Toronto FC Spain Alejandro Pozuelo
6%
80 Fiorentina Italy Giacomo Bonaventura
6%
86 CF Fuenlabrada Spain Pedro Leon
6%
82 FC Porto Portugal Sergio Oliveira
6%
81 Boca Juniors Colombia Edwin Cardona
3%
80 Nacional Argentina Andres D'Alessandro
2%
80 Sparta Prague Czech Republic Borek Dockal
2%
81 SC Heerenveen Netherlands Joey Veerman
2%
80 Slavia Prague Romania Nicolae Stanciu
2%
80 KV Beerschot Austria Raphael Holzhauser
2%
No matching quizzes found
Score Distribution
Percent of People with Each Score
Percentile by Number Answered
Your Score History
You have not taken this quiz